| 000 | 00567nam a22001577a 4500 | ||
|---|---|---|---|
| 040 | _cNUST | ||
| 082 | _a200 | ||
| 100 |
_aEjaz Sidra _9124544 |
||
| 110 |
_aSupervisor: Dr. Farhan Hussain Co-Supervisor: Dr. Shoab Ahmed Khan _9111785 |
||
| 245 |
_aA Knowledge and Data-Driven Computerized Physician Order Entry System/ _cSidra Ejaz |
||
| 260 |
_aISLAMABAD: _bNUST COLLEGE OF EME, _c2023. |
||
| 300 |
_a131,p; _bill; _c30,cm. |
||
| 650 |
_aPhD-Computer Software Engineering _9124478 |
||
| 856 | _uhttp://10.250.8.41:8080/xmlui/handle/123456789/35034 | ||
| 942 |
_2ddc _cSC |
||
| 999 |
_c594460 _d594460 |
||